| 000 | 01129cam a22003254a 4500 | ||
|---|---|---|---|
| 008 | 981123s2000 mnuab c b 001 0 eng | ||
| 010 | _a 98054083 | ||
| 020 | _a0822535637 (lib. bdg.) | ||
| 040 |
_aDLC _cDLC _dDLC |
||
| 043 | _aa-cc-ti | ||
| 050 | 0 | 0 |
_aDS786 _b.K578 2000 |
| 082 | 0 | 0 |
_a951/.5 _221 |
| 092 | 0 | 4 |
_a951.5 _bK629 _221 |
| 099 |
_a04 _a951.5 K629 |
||
| 100 | 1 | _aKizilos, Peter. | |
| 245 | 0 | 0 |
_aTibet : _bdisputed land / _cby Peter Kizilos. |
| 260 |
_aMinneapolis : _bLerner, _cc2000. |
||
| 300 |
_a80 p. : _bill. (some col.), col. maps ; _c23 cm. |
||
| 440 | 0 | _aWorld in conflict | |
| 504 | _aIncludes bibliographical references (p. 77) and index. | ||
| 520 | _aExamines the history of the ethnic conflict in Tibet and its continuing effect on the people. | ||
| 651 | 0 |
_aTibet (China) _xCivilization _vJuvenile literature. |
|
| 651 | 0 |
_aTibet (China) _xHistory _y1951- _vJuvenile literature. |
|
| 651 | 1 |
_aTibet (China) _xHistory. |
|
| 902 | _a1 | ||
| 905 |
_aGehan _eRev. |
||
| 905 |
_aJamal _eCat. |
||
| 942 |
_2ddc _cBK |
||
| 999 |
_c114737 _d114737 |
||